Une lettre suffit pour répondre juste #14 (attention 10 lettres tuent) - Statistiques

Statistiques générales
  • Ce quiz a été pris 70 fois
  • Le résultat moyen est 3 sur 6
Statistiques - réponses
Hint Réponse % Correct
Donne une des 5 lettres du mot qui désigne les gens que Serge et Béate Klarsfeld ont chassé pendant de très longues années NAZIS
100%
Donne une des 4 lettres qui complète le nom de la série TV en image : ???? Quantum
CODE
90%
Donne une des 3 lettres du nom des services de renseignements russes entre 1954 et 1991, à l'époque de l'Union des Républiques Socialistes Soviétiques (URSS) KGB
87%
Donne une des 2 lettres qui complète le nom du groupe de rock en image : ?? on the Radio
TV
16%
Donne la lettre qui dans l'immobilier désigne un appartement d'une seule pièce principale, avec cuisine séparée : ?1 F
6%
Donne la lettre qui complète le nom de ce groupe de musique français : ?5
L
6%
Aucun quiz correspondant
Distribution des résultats
% des personnes avec chaque résultat
Percentile par nombre de réponses
Votre historique - résultats
Vous n’avez pas pris ce quiz